| 000 | 00603pam a2200217 a 4500 | ||
|---|---|---|---|
| 020 | _c461.10 (Hard Cover) | ||
| 040 | _aDental College Lib | ||
| 041 |
_aeng _h |
||
| 082 |
_a617.632 _bALL |
||
| 100 | _aAllen, Don L.. | ||
| 245 |
_aPeriodontics for the Dental Hygienist / _c. _hTextual Documents |
||
| 250 |
_a4th ed / _b. |
||
| 260 |
_aPhiladelphia : _blea & Febiger , _c1989. |
||
| 300 |
_a421 ; _c24X18. |
||
| 365 | _a461.10 | ||
| 653 | _aPeriodontology | ||
| 700 |
_aMcFall, Walter T.. _aJenzano, Joyce W.. |
||
| 930 | _a348 | ||
| 999 |
_c39751 _d39751 |
||